[Event "European Rapid 2015"]
[Site "Minsk BLR"]
[Date "2015.12.19"]
[Round "6.11"]
[White "Ragger, Markus"]
[Black "Kulaots, Kaido"]
[Result "1-0"]
[WhiteTitle "GM"]
[BlackTitle "GM"]
[WhiteElo "2687"]
[BlackElo "2574"]
[WhiteFideId "1610856"]
[BlackFideId "4500261"]
[EventDate "2015.12.19"]

1. d4 Nf6 2. c4 e6 3. Nf3 d5 4. g3 Bb4+ 5. Bd2 Be7 6. Bg2 O-O 7. O-O c6 8. Qc2
Nbd7 9. Rd1 a5 10. Bf4 Nh5 11. Bc1 Nhf6 12. Nbd2 b5 13. b3 Ba6 14. Bb2 Rc8 15.
c5 b4 16. Re1 Qc7 17. a3 Bb5 18. axb4 axb4 19. Nf1 Ra8 20. Qd2 Ne4 21. Qxb4
Ndxc5 22. Ba3 Rxa3 23. Qxa3 Nd3 24. Qa7 Qxa7 25. Rxa7 Nxe1 26. Nxe1 Bb4 27. Nc2
Bc3 28. e3 g6 29. b4 Bd3 30. Bxe4 Bxe4 31. Ra3 Bxc2 32. Rxc3 Ba4 33. Ra3 Bc2 34.
Rc3 Ba4 35. Ra3 Bb5 36. Nd2 Rb8 37. f3 Rb7 38. Kf2 f6 39. f4 Kf7 40. e4 e5 41.
dxe5 fxe5 42. fxe5 Ke6 43. exd5+ Kxd5 44. Nf3 Kc4 45. Ke3 Kxb4 46. Ra1 c5 47.
Nd2 Bc6 48. Rb1+ Kc3 49. Rc1+ Kb4 50. Rb1+ Kc3 51. Rxb7 Bxb7 52. Ne4+ Kb4 53. e6
c4 54. e7 Bc6 55. Kd4 h5 56. h4 Ba4 57. Nc3 Bc6 58. Ne2 Kb3 59. Kc5 Be8 60. Kd6
c3 61. Kc7 c2 62. Nd4+ Kc3 63. Nxc2 Kxc2 64. Kd8 Bb5 65. e8=Q Bxe8 66. Kxe8 Kd3
67. Kf7 1-0

[Event "European Rapid 2015"]
[Site "Minsk BLR"]
[Date "2015.12.19"]
[Round "6.12"]
[White "Harutjunyan, Gevorg"]
[Black "Roiz, Michael"]
[Result "1-0"]
[WhiteTitle "GM"]
[BlackTitle "GM"]
[WhiteElo "2436"]
[BlackElo "2594"]
[WhiteFideId "13300873"]
[BlackFideId "2804158"]
[EventDate "2015.12.19"]

1. c4 Nf6 2. Nc3 e5 3. Nf3 Nc6 4. g3 Bb4 5. Bg2 O-O 6. O-O d6 7. Ne1 a6 8. Nc2
Bc5 9. Rb1 Nd4 10. b4 Ba7 11. e3 Nxc2 12. Qxc2 c6 13. d3 d5 14. cxd5 cxd5 15. b5
Be6 16. bxa6 bxa6 17. Qa4 h6 18. Ba3 Re8 19. Bb4 Bb6 20. d4 exd4 21. exd4 Rc8
22. Qxa6 Bxd4 23. Nb5 Be5 24. Qa3 Ra8 25. Qd3 Rxa2 26. Bc3 Bxc3 27. Nxc3 Ra5 28.
Qd4 Qc7 29. Rbc1 Qa7 30. Qxa7 Rxa7 31. Rcd1 Rd8 32. Rd4 Rc7 33. Ne2 Rc4 34. Rfd1
Rdc8 35. h3 Kf8 36. g4 g6 37. R1d2 Ke7 38. Kh2 Rxd4 39. Nxd4 Rc4 40. Kg3 Kd6 41.
f4 Kc5 42. Ne2 d4 43. Bf3 Bd5 44. Kf2 Be4 45. Ra2 Bxf3 46. Kxf3 Rb4 47. Ra5+ Kc4
48. Ra6 Rb3+ 49. Kg2 Ne4 50. Ra4+ Kd3 51. Nc1+ 1-0

[Event "European Rapid 2015"]
[Site "Minsk BLR"]
[Date "2015.12.19"]
[Round "6.13"]
[White "Kovalev, Vladislav"]
[Black "Maljush, Andrej"]
[Result "1-0"]
[WhiteTitle "GM"]
[WhiteElo "2546"]
[BlackElo "2285"]
[WhiteFideId "13504398"]
[BlackFideId "13500724"]
[EventDate "2015.12.19"]

1. d4 g6 2. e4 Bg7 3. Nc3 d6 4. Be3 Nf6 5. f3 O-O 6. Qd2 Re8 7. g4 c6 8. Nge2 b5
9. Ng3 e5 10. dxe5 dxe5 11. Qxd8 Rxd8 12. a4 b4 13. Nb1 Be6 14. Nd2 Nbd7 15. Bc4
Nf8 16. b3 Bxc4 17. Nxc4 Ne6 18. Rd1 Nd4 19. Bxd4 exd4 20. Ne2 c5 21. Nf4 Nd7
22. Nd5 Ne5 23. Nxe5 Bxe5 24. Ke2 Kf8 25. Kd3 Rac8 26. Kc4 Ke8 27. g5 Kd7 28. h4
Ke6 29. h5 Rh8 30. f4 Bg7 31. f5+ Ke5 32. f6 Bf8 33. hxg6 fxg6 34. Rh4 h5 35.
Nf4 Rg8 36. Nd3+ Ke6 37. e5 Rh8 38. Rf1 Rh7 39. Nf4+ Kf5 40. Rhh1 h4 41. Kd3 a6
42. a5 Rd8 43. e6 Bd6 44. e7 Re8 45. Nh5+ Kxg5 46. Ng7 Rxg7 47. fxg7 Bxe7 48.
Re1 Kf6 49. g8=N+ Rxg8 50. Rhf1+ Kg5 51. Rxe7 Kh5 52. Rg1 g5 53. Rh7+ Kg6 54.
Rxh4 Re8 55. Re4 Rf8 56. Re5 1-0

[Event "European Rapid 2015"]
[Site "Minsk BLR"]
[Date "2015.12.19"]
[Round "6.15"]
[White "Motylev, Alexander"]
[Black "Mirzoev, Emil"]
[Result "1-0"]
[WhiteTitle "GM"]
[WhiteElo "2653"]
[BlackElo "2424"]
[WhiteFideId "4121830"]
[BlackFideId "14108640"]
[EventDate "2015.12.19"]

1. e4 c5 2. Nf3 e6 3. d4 cxd4 4. Nxd4 Nc6 5. Nc3 Qc7 6. Qd3 Nf6 7. Ndb5 Qb8 8.
f4 a6 9. Nd4 d5 10. e5 Nd7 11. Be3 Bc5 12. O-O-O Qa7 13. Be2 b5 14. Bf3 Bb7 15.
Kb1 Qb6 16. Rhe1 O-O 17. Nb3 Bxe3 18. Qxe3 Qxe3 19. Rxe3 Rfc8 20. Ne2 a5 21.
Ned4 b4 22. Nxc6 Bxc6 23. Nd4 Nb6 24. b3 Bd7 25. c3 Rxc3 26. Rxc3 bxc3 27. Rd3
Rc8 28. Kc2 f6 29. Rxc3 Rxc3+ 30. Kxc3 g5 31. g3 gxf4 32. gxf4 fxe5 33. fxe5 Kf7
34. Bh5+ Ke7 35. a4 h6 36. Bg6 Kf8 37. Bc2 Ke7 38. Bd1 Be8 39. Bg4 Bd7 40. Ne2
Nc8 41. Nd4 Nb6 42. Bh5 Kf8 43. Nf3 Bc6 44. Kd4 Nd7 45. Ne1 Ke7 46. Nd3 Bb7 47.
b4 axb4 48. Nxb4 Nb8 49. Be2 Kd7 50. Bb5+ Kc7 51. Kc5 Bc8 52. a5 Bd7 53. Na6+
Nxa6+ 54. Bxa6 Be8 55. Be2 Bd7 56. Bh5 Bc8 57. Be2 Bd7 58. Bf1 Be8 59. Bh3 Bd7
60. Bg4 Bc8 61. Bd1 Bd7 62. a6 Bc8 63. Be2 Bd7 64. a7 Kb7 65. Kd6 Ba4 66. Kxe6
Kxa7 67. Kxd5 Kb6 68. Kd6 Bb3 69. e6 Ba4 70. Bh5 Bb5 71. e7 Ba4 72. e8=Q Bxe8
73. Bxe8 Kb7 74. Bd7 Kb6 75. h4 Kb7 76. Be6 Kb6 77. h5 Kb7 78. Ba2 Kb6 79. Ke7
Kc6 1-0

[Event "European Rapid 2015"]
[Site "Minsk BLR"]
[Date "2015.12.19"]
[Round "6.16"]
[White "Potapov, Pavel"]
[Black "Zvjaginsev, Vadim"]
[Result "1/2-1/2"]
[WhiteTitle "IM"]
[BlackTitle "GM"]
[WhiteElo "2476"]
[BlackElo "2662"]
[WhiteFideId "4169786"]
[BlackFideId "4113403"]
[EventDate "2015.12.19"]

1. e4 Nf6 2. e5 Nd5 3. d4 d6 4. Nf3 g6 5. Bc4 Nb6 6. Be2 Bg7 7. O-O O-O 8. Bf4
Nc6 9. exd6 cxd6 10. Nc3 Bf5 11. h3 Rc8 12. a3 d5 13. Qd2 Be4 14. Ne5 Nxe5 15.
Bxe5 Bxe5 16. dxe5 Qc7 17. f4 Bf5 18. Rac1 Qc5+ 19. Kh2 d4 20. Nb5 Rfd8 21. b4
Qd5 22. Rfd1 Nc4 23. Qxd4 Qxb5 24. Bxc4 Qe8 25. Bd5 e6 26. c4 exd5 27. cxd5 b6
28. g4 Rxc1 29. Rxc1 Be6 30. d6 Qb5 31. Rc7 Qe2+ 32. Kg3 Qe1+ 33. Qf2 Qxf2+ 34.
Kxf2 Rd7 35. Rc6 f6 36. Ke3 fxe5 37. fxe5 Rf7 38. Rc1 Kf8 39. a4 Ke8 40. a5 bxa5
41. bxa5 Rb7 42. Kf4 h6 43. Rc5 Kd8 44. Ke3 g5 45. a6 Rb6 46. Rc7 Rxa6 47. Re7
Bc8 48. Rh7 Ra3+ 49. Kd4 Rxh3 50. Rh8+ Kd7 51. Rh7+ Kd8 52. Rh8+ Kd7 53. Rh7+ 1/2-1/2

[Event "European Rapid 2015"]
[Site "Minsk BLR"]
[Date "2015.12.19"]
[Round "6.21"]
[White "Shukh, Nikolai"]
[Black "Grachev, Boris"]
[Result "1/2-1/2"]
[WhiteTitle "IM"]
[BlackTitle "GM"]
[WhiteElo "2435"]
[BlackElo "2652"]
[WhiteFideId "24102580"]
[BlackFideId "4129199"]
[EventDate "2015.12.19"]

1. e4 c5 2. Nf3 e6 3. d4 cxd4 4. Nxd4 Nc6 5. Nc3 a6 6. Be3 Nf6 7. f3 d5 8. exd5
Nxd5 9. Nxd5 exd5 10. Qd2 Bd6 11. O-O-O O-O 12. Kb1 Re8 13. Bf4 Bf8 14. Nb3 Be6
15. c3 d4 16. Nxd4 Nxd4 17. cxd4 Qb6 18. Bd3 Bb4 19. Qf2 Qa5 20. b3 Bf5 21. Be5
Bxd3+ 22. Rxd3 f6 23. Bg3 Qf5 24. Rd1 Rac8 25. d5 Rc3 26. Qd4 Rec8 27. Qe4 Rxd3
28. Rxd3 Ba3 29. Rd1 Qxe4+ 30. fxe4 Kf7 31. e5 fxe5 32. Bxe5 Re8 33. Bc7 Ke7 34.
Re1+ Kd7 35. Rxe8 Kxe8 36. Kc2 Kd7 37. Be5 g6 38. Kd3 Be7 39. Ke4 Bd8 40. Bd4
Bc7 41. h3 Bd6 42. Be5 Be7 43. Kf4 Bd8 44. g4 Be7 45. Ke4 Bd8 46. Bg3 Bf6 47. h4
Bd8 48. h5 Bf6 49. Be5 Bd8 50. Bg7 Bc7 51. Bf8 Bg3 52. Bh6 Bc7 53. Bf4 Bd8 54.
Bh2 Ba5 55. hxg6 hxg6 56. Bf4 Bd8 57. Bg3 Ba5 58. Bf4 Bd8 59. Be3 Bc7 60. Bd4
Bd6 61. Be5 Bb4 62. Kf4 Bd2+ 63. Kg3 Be1+ 64. Kf3 Bb4 65. Bf4 Be7 66. Ke4 Bf6
67. Be3 Kd6 68. Bf2 Be7 69. Be1 Bf6 70. Bb4+ Kd7 71. Bc5 Bg7 72. Bd4 Bf8 73. Bc3
Bd6 74. Bf6 Bc7 75. Be5 Ba5 76. Bb2 Bc7 77. Bc1 Bd6 78. Bh6 Bc7 79. Bf8 Bg3 80.
Kd4 Bf4 81. Bg7 Bg3 82. Kc5 Kc7 83. Bf8 Bf2+ 84. Kc4 Kd7 85. Bc5 Bg3 86. a4 Bh2
87. b4 Bg3 88. b5 Bf4 89. Bf8 Bg3 90. Bg7 Kd6 91. Bd4 Kd7 92. Kc5 Kc7 93. Kc4
Kd7 94. Bc5 Bf4 95. Bb4 Bg3 96. Bd2 Bd6 97. bxa6 bxa6 98. Be3 Be7 99. Bc5 Bh4
100. Bb4 Bf2 101. Bc3 Ba7 102. Bd4 Bb8 103. Kd3 Bd6 104. Ke4 Bc7 105. Be5 Ba5
106. Bg3 Bb6 107. Bb8 Kc8 108. Be5 Kd7 109. Kf4 Bd8 110. Bb8 Bf6 111. Ke4 Bh4
112. Kd4 Bf2+ 113. Kc4 Bb6 114. Bf4 Bf2 115. Bd2 Ba7 116. Ba5 Bf2 117. Bb4 Bg3
118. Bc5 Bf4 119. Bf2 Bd6 120. Be3 Be7 121. Bc5 Bh4 122. Ba7 Be7 123. Bb8 Bh4
124. Bh2 Bf2 125. Kb4 Be1+ 126. Kc5 Bf2+ 127. Kc4 Be3 128. Be5 Ba7 129. Kb4 Bb6
130. Bf4 Ke7 131. Bg3 Kd7 132. Kc4 Be3 133. Be1 Bb6 134. Kd3 Bc7 135. Bb4 Bg3
136. Kd4 Bc7 137. Ke4 Bg3 138. Ba3 Bh2 139. Kd3 Bg3 140. Bf8 Be5 141. Kc4 Bg3
142. Bc5 Bf4 143. Kd4 Bg3 144. Ke3 Bh2 145. Kf3 Bb8 146. Be3 Bd6 147. Bf4 Bb4
148. Ke4 Bc3 149. Be5 Be1 150. Bb2 Bg3 151. Ba3 Bh2 152. Kf3 Be5 153. Ke3 Bh2
154. Kd4 Bg3 155. Kc4 Bf4 156. Bb4 1/2-1/2

[Event "European Rapid 2015"]
[Site "Minsk BLR"]
[Date "2015.12.19"]
[Round "6.22"]
[White "Milov, Vadim"]
[Black "Kuzin, Anton"]
[Result "1-0"]
[WhiteTitle "GM"]
[BlackTitle "IM"]
[WhiteElo "2615"]
[BlackElo "2409"]
[WhiteFideId "1304364"]
[BlackFideId "4148410"]
[EventDate "2015.12.19"]

1. d4 f5 2. g3 Nf6 3. Bg2 e6 4. c4 d5 5. Nf3 Be7 6. O-O O-O 7. Nbd2 c6 8. Ne5
Bd7 9. Ndf3 Be8 10. Nd3 Bf7 11. b3 Nbd7 12. Ng5 Ne4 13. Nxf7 Rxf7 14. Nf4 Rf6
15. f3 Nd6 16. c5 Nf7 17. Nh5 Rg6 18. e4 b6 19. Nf4 Rh6 20. b4 a5 21. b5 e5 22.
Nd3 exd4 23. Bxh6 Nxh6 24. bxc6 Nxc5 25. exd5 Qxd5 26. Re1 Bd6 27. f4 Qc4 28.
Ne5 Bxe5 29. Rxe5 Kh8 30. Rc1 Qb4 31. c7 Rc8 32. Rd5 Ne6 33. Qb3 Rxc7 34. Rxc7
Qe1+ 35. Bf1 Nxc7 36. Rd8+ Ne8 37. Qb5 Qe3+ 38. Kg2 1-0

[Event "European Rapid 2015"]
[Site "Minsk BLR"]
[Date "2015.12.19"]
[Round "6.23"]
[White "Alekseev, Evgeny"]
[Black "Kocheev, Aleksandr"]
[Result "1-0"]
[WhiteTitle "GM"]
[WhiteElo "2642"]
[BlackElo "2355"]
[WhiteFideId "4138147"]
[BlackFideId "13507842"]
[EventDate "2015.12.19"]

1. e4 e5 2. Nf3 Nc6 3. Bb5 Nf6 4. d3 Ne7 5. O-O c6 6. Ba4 Ng6 7. Re1 Be7 8. Nbd2
O-O 9. Nf1 d6 10. Ng3 h6 11. h3 Nh7 12. c3 Ng5 13. Bb3 Nxf3+ 14. Qxf3 Bg5 15. d4
Bxc1 16. Raxc1 Qg5 17. Rcd1 Nf4 18. Kh2 Kh8 19. Ne2 Nxe2 20. Rxe2 g6 21. dxe5
Qxe5+ 22. Qg3 Be6 23. Qxe5+ dxe5 24. Bxe6 fxe6 25. Rd7 Rab8 26. Red2 Kg8 27. Re7
Rfe8 28. Rxe8+ Rxe8 29. Rd7 Rf8 30. Rxb7 Rxf2 31. Kg3 Rd2 32. a4 a5 33. Kf3 Rc2
34. Re7 Rxb2 35. Rxe6 Kf7 36. Rxe5 Rb3 37. Rc5 Ra3 38. Rc4 Ra2 39. g3 Kg7 40. h4
Kf7 41. Kf4 Rf2+ 42. Ke5 1-0

[Event "European Rapid 2015"]
[Site "Minsk BLR"]
[Date "2015.12.19"]
[Round "6.24"]
[White "Bortnyk, Olexandr"]
[Black "Veremeichik, Vladimir"]
[Result "1-0"]
[WhiteTitle "GM"]
[WhiteElo "2552"]
[BlackElo "2298"]
[WhiteFideId "14120828"]
[BlackFideId "13500384"]
[EventDate "2015.12.19"]

1. d4 d5 2. Nc3 Nf6 3. Bf4 a6 4. e3 b5 5. Bd3 Bb7 6. Nf3 e6 7. O-O Nbd7 8. Ne2
c5 9. c3 Be7 10. a4 c4 11. Bc2 O-O 12. h3 Bc6 13. Ne5 Qb6 14. Bg5 Rfe8 15. Nf4
g6 16. axb5 Bxb5 17. Ng4 Qd8 18. Nh6+ Kg7 19. Qf3 Bc6 20. h4 Nf8 21. h5 Qd7 22.
hxg6 hxg6 23. Qh3 Ng8 24. Nxf7 1-0

[Event "European Rapid 2015"]
[Site "Minsk BLR"]
[Date "2015.12.19"]
[Round "6.25"]
[White "Sakaev, Konstantin"]
[Black "Zubritskiy, Artyom"]
[Result "1/2-1/2"]
[WhiteTitle "GM"]
[BlackTitle "FM"]
[WhiteElo "2594"]
[BlackElo "2422"]
[WhiteFideId "4104226"]
[BlackFideId "4181247"]
[EventDate "2015.12.19"]

1. Nf3 c5 2. g3 Nc6 3. Bg2 g6 4. O-O Bg7 5. Nc3 d6 6. a3 Nf6 7. Rb1 Bd7 8. b4 b6
9. b5 Na5 10. e4 Rc8 11. d3 O-O 12. Bd2 e5 13. h3 h6 14. Be3 Be6 15. Bd2 Re8 16.
Kh2 Nb7 17. Re1 Qc7 18. Qc1 Kh7 19. a4 Rcd8 20. Qa3 d5 21. exd5 Nxd5 22. Nxd5
Bxd5 23. Bc3 f6 24. a5 Bf8 25. axb6 axb6 26. Qb2 c4 27. dxc4 Qxc4 28. Ra1 Ra8
29. Nd2 Qc5 30. Ne4 Bxe4 31. Rxe4 Rxa1 32. Qxa1 Nd6 33. Re2 Nxb5 34. Bb2 Rd8 35.
Qa2 Bg7 36. Qf7 Qc7 37. Qb3 Rd6 38. Bd4 Rxd4 39. h4 h5 40. Qe6 Rd6 41. Qb3 f5
42. Bd5 Rd8 43. c4 e4 44. Ra2 Bd4 45. Kg2 Qe7 46. Qd1 Qg7 47. Qb3 Bc5 48. Ra6
Qd4 49. Qa2 Kh6 50. Qc2 e3 51. fxe3 Qxe3 52. Qd1 Re8 53. Qf3 Qd2+ 54. Kh3 Re2
55. Qf4+ Qxf4 56. gxf4 Rb2 57. Ra8 Bd6 58. Rh8+ Kg7 59. Rg8+ Kf6 60. Kg3 Rb3+
61. Kg2 Bxf4 62. Rf8+ Ke5 63. Re8+ Kd4 64. Bf7 Be5 65. Re6 f4 66. Bxg6 Re3 67.
Bxh5 Kxc4 1/2-1/2

[Event "European Rapid 2015"]
[Site "Minsk BLR"]
[Date "2015.12.19"]
[Round "6.26"]
[White "Rozhko, Dmitry"]
[Black "Landa, Konstantin"]
[Result "0-1"]
[WhiteTitle "FM"]
[BlackTitle "GM"]
[WhiteElo "2313"]
[BlackElo "2625"]
[WhiteFideId "4150430"]
[BlackFideId "4101685"]
[EventDate "2015.12.19"]

1. d4 d5 2. Nf3 Nf6 3. Bf4 c5 4. c3 Qb6 5. Qb3 Nc6 6. Nbd2 c4 7. Qc2 Bg4 8. Ne5
Bh5 9. g3 e6 10. Bg2 Be7 11. e4 O-O 12. O-O Nxe5 13. dxe5 Nxe4 14. Nxe4 dxe4 15.
Bxe4 Bg6 16. Bxg6 hxg6 17. Be3 Qc6 18. Rad1 Rfd8 19. Rd4 Rxd4 20. Bxd4 Rd8 21.
Qe2 a6 22. h4 b5 23. Qe3 Rd5 24. a3 a5 25. Ra1 Bc5 26. Bxc5 Rd3 27. Qf4 Qxc5 28.
Re1 Qd5 29. Qe4 Rd1 30. Kh2 Qxe4 31. Rxe4 Rd2 32. a4 Rxf2+ 33. Kh3 Rxb2 34. axb5
Rxb5 35. Rxc4 Rxe5 36. Rc8+ Kh7 37. Kg4 f5+ 38. Kf3 Re4 39. c4 e5 40. Ra8 Rxc4
41. Rxa5 e4+ 42. Kg2 Rc2+ 43. Kh3 Rf2 44. Ra6 e3 45. Re6 e2 46. h5 0-1

[Event "European Rapid 2015"]
[Site "Minsk BLR"]
[Date "2015.12.19"]
[Round "6.27"]
[White "Demidov, Mikhail"]
[Black "Tyutyunnikov, Alexey"]
[Result "1/2-1/2"]
[WhiteTitle "IM"]
[WhiteElo "2485"]
[BlackElo "2295"]
[WhiteFideId "4197143"]
[BlackFideId "4137060"]
[EventDate "2015.12.19"]

1. d4 Nf6 2. Nf3 e6 3. c4 d5 4. e3 Be7 5. Nc3 O-O 6. Bd3 c5 7. O-O Nc6 8. a3 b6
9. dxc5 bxc5 10. cxd5 exd5 11. Qa4 Bb7 12. Rd1 Qb6 13. Qf4 Na5 14. b4 cxb4 15.
Na4 Qd6 16. Qxd6 Bxd6 17. axb4 Bxb4 18. Rb1 Nc6 19. Nc5 Bxc5 20. Rxb7 Nb4 21.
Bf5 Rab8 22. Rxb8 Rxb8 23. Bb2 Ne4 24. Be5 Bd6 25. Bxe4 Bxe5 26. Bxd5 Nxd5 27.
Nxe5 Nc3 28. Ra1 Rb1+ 29. Rxb1 Nxb1 30. Nc6 a6 31. Kf1 Nc3 32. Ke1 f6 33. f3 Kf7
34. Kd2 Nb5 35. Kd3 Ke6 36. Kc4 Nd6+ 37. Kd3 Nb5 38. Kc4 Nd6+ 39. Kd3 Nb5 40. e4
Kd6 41. Na5 Kc5 42. f4 Nc7 43. Kc3 Nb5+ 44. Kd3 Nc7 45. Nb3+ Kb4 46. Nd4 a5 47.
Nc6+ Kb5 48. Nd4+ Kb4 49. e5 fxe5 50. fxe5 Kc5 51. Nb3+ Kd5 52. Nxa5 Kxe5 53.
Ke3 Nd5+ 54. Kf3 Kf5 55. Nc6 Nf6 56. h3 h5 57. Ne7+ Ke6 58. Ng6 Kf5 59. Ne7+ Ke6
60. Nc6 Kf5 61. Nd4+ Ke5 62. Ne2 g5 63. Ke3 Nd5+ 64. Kf3 g4+ 65. hxg4 hxg4+ 66.
Kxg4 Ne3+ 67. Kf3 Nxg2 68. Kxg2 1/2-1/2

[Event "European Rapid 2015"]
[Site "Minsk BLR"]
[Date "2015.12.19"]
[Round "6.28"]
[White "Kochetkova, Julia"]
[Black "Goganov, Aleksey"]
[Result "0-1"]
[WhiteTitle "WGM"]
[BlackTitle "GM"]
[WhiteElo "2320"]
[BlackElo "2597"]
[WhiteFideId "4139690"]
[BlackFideId "24109959"]
[EventDate "2015.12.19"]

1. e4 c5 2. Nf3 Nc6 3. d4 cxd4 4. Nxd4 Qc7 5. Nc3 e6 6. g3 a6 7. Bg2 d6 8. O-O
Bd7 9. Re1 Be7 10. a4 Nf6 11. Nxc6 Bxc6 12. Be3 O-O 13. a5 Nd7 14. Qd2 Rac8 15.
Bg5 Bxg5 16. Qxg5 Ne5 17. Ne2 b5 18. Nd4 Bb7 19. Qd2 Nc4 20. Qc3 Qc5 21. b4 Qc7
22. Rad1 Rfd8 23. Qa1 d5 24. exd5 Bxd5 25. Nf5 exf5 26. Bxd5 Re8 27. Qd4 Ne5 28.
Qb6 Qxc2 29. Qxa6 Nd3 30. Rxe8+ Rxe8 31. Rf1 Nxf2 32. Qxb5 Nh3+ 33. Kh1 Rf8 34.
Bg2 Nf2+ 35. Kg1 Nd3 36. a6 Qd2 37. Qxf5 Qe3+ 38. Kh1 Nxb4 39. Qb5 Nd3 40. a7
Nf2+ 41. Rxf2 Qxf2 42. Qa5 Ra8 43. Qc3 Re8 44. h3 Qxa7 0-1

[Event "European Rapid 2015"]
[Site "Minsk BLR"]
[Date "2015.12.19"]
[Round "6.29"]
[White "Martynov, Roman"]
[Black "Andriasian, Zaven"]
[Result "0-1"]
[BlackTitle "GM"]
[WhiteElo "2284"]
[BlackElo "2594"]
[WhiteFideId "14132044"]
[BlackFideId "13302000"]
[EventDate "2015.12.19"]

1. d4 g6 2. c4 Bg7 3. e4 d6 4. Nc3 Nd7 5. Nf3 e5 6. Be2 Ne7 7. O-O O-O 8. Re1 h6
9. Bf1 g5 10. dxe5 Nxe5 11. Nd4 a6 12. Nd5 c5 13. Nxe7+ Qxe7 14. Nc2 Bd7 15. Ne3
b5 16. cxb5 axb5 17. f4 gxf4 18. Nd5 Qd8 19. Bxf4 Ra4 20. Qb3 c4 21. Qg3 Kh7 22.
a3 Rg8 23. Qe3 Be6 24. Nc3 Ng4 25. Qf3 Bd4+ 26. Kh1 Nf2+ 27. Kg1 Nh3+ 28. Kh1
Bg4 29. Qg3 Nf2+ 0-1

[Event "European Rapid 2015"]
[Site "Minsk BLR"]
[Date "2015.12.19"]
[Round "6.30"]
[White "Rozum, Ivan"]
[Black "Shtembuliak, Evgeny"]
[Result "1-0"]
[WhiteTitle "GM"]
[BlackTitle "FM"]
[WhiteElo "2559"]
[BlackElo "2420"]
[WhiteFideId "24104272"]
[BlackFideId "14113325"]
[EventDate "2015.12.19"]

1. Nf3 Nf6 2. g3 g6 3. Bg2 Bg7 4. O-O O-O 5. c4 d6 6. d4 Nc6 7. Nc3 Bf5 8. d5
Na5 9. Nd4 Bd7 10. b3 c5 11. dxc6 bxc6 12. Bb2 Rb8 13. Rb1 Qc7 14. Qd2 Rfd8 15.
e4 Nb7 16. b4 c5 17. Ndb5 Qb6 18. Ba3 cxb4 19. Rxb4 a6 20. Nd4 Qc7 21. Nd5 Nxd5
22. cxd5 Nc5 23. Rc1 Rdc8 24. Rbc4 Qb6 25. h3 h5 26. Kh2 Bb5 27. R4c2 h4 28. g4
Kh7 29. f4 Bd3 30. Rb2 Nxe4 31. Qxd3 Qxd4 32. Qxd4 Bxd4 33. Rxb8 Rxb8 34. Bxe4
Be3 35. Rf1 Rb5 36. Rf3 Bd4 37. f5 Kg7 38. fxg6 fxg6 39. Bc1 Be5+ 40. Kg2 Rb4
41. Bd3 Ra4 42. a3 Bf6 43. Rf4 Ra5 44. Rb4 Rc5 45. Bc4 a5 46. Ra4 g5 47. Bd2 Kh6
48. Bxa5 Be5 49. Bb6 Rc8 50. Be3 Bc3 51. Bd3 Rb8 52. Rc4 Rb2+ 53. Kf3 Bf6 54.
Bc2 Ra2 55. a4 Ra1 56. Rc8 Kg7 57. Ra8 Ra2 58. Bd3 Ra3 59. Ke4 Ra1 60. a5 Ra4+
61. Kf3 Ra3 62. Ke2 Ra2+ 63. Kd1 Rh2 64. Bf1 Rh1 65. Ke2 Rh2+ 66. Kf3 Ra2 67. a6
Ra3 68. Ke4 Ra4+ 69. Kf5 Ra3 70. Ke4 Ra4+ 71. Kf3 Ra3 72. Kf2 Ra2+ 73. Be2 e6
74. dxe6 d5 75. e7 Bxe7 76. Bd4+ Bf6 77. Bxf6+ Kxf6 78. Ke3 Ra4 79. Bd3 Kg7 80.
Rd8 Ra5 81. Kd4 Kf6 82. Rd6+ Ke7 83. Rxd5 Ra4+ 84. Ke3 1-0

[Event "European Rapid 2015"]
[Site "Minsk BLR"]
[Date "2015.12.19"]
[Round "6.31"]
[White "Kononenko, Dmitry2"]
[Black "Romanov, Evgeny"]
[Result "0-1"]
[WhiteTitle "FM"]
[BlackTitle "GM"]
[WhiteElo "2206"]
[BlackElo "2590"]
[WhiteFideId "14113538"]
[BlackFideId "4148843"]
[EventDate "2015.12.19"]

1. e4 e5 2. Nf3 Nc6 3. d4 exd4 4. Nxd4 Bc5 5. Nxc6 bxc6 6. Nd2 Qh4 7. Qf3 d5 8.
g3 Qe7 9. Qe2 Nf6 10. exd5 Qxe2+ 11. Bxe2 O-O 12. Nb3 Bb6 13. c4 a5 14. O-O a4
15. Nd2 Bh3 16. Rd1 Rae8 17. Bf3 Ng4 18. Bxg4 Bxg4 19. Rf1 Bh3 20. b4 Bxf1 21.
Kxf1 Bd4 22. Rb1 cxd5 23. Nf3 Ba7 24. c5 Re4 25. Be3 Rb8 26. a3 Rxe3 27. fxe3
Bxc5 28. Ke2 Bb6 29. Kd3 h5 30. Nd4 g6 31. Rf1 Kg7 32. Rc1 Re8 33. Rc6 Re4 34.
h3 Kf8 35. Rc2 Ke7 36. Rc1 Kd7 37. Rf1 f5 38. Rc1 h4 39. Rg1 hxg3 40. Rxg3 f4
41. Rf3 Bxd4 42. exd4 g5 43. Kc3 Ke6 44. b5 Kf5 45. Kb4 Rxd4+ 46. Kc5 Ke4 47.
Rf1 Rc4# 0-1

[Event "European Rapid 2015"]
[Site "Minsk BLR"]
[Date "2015.12.19"]
[Round "6.32"]
[White "Karpov, Vadim"]
[Black "Fedorov, Alexei"]
[Result "0-1"]
[WhiteTitle "IM"]
[BlackTitle "GM"]
[WhiteElo "2377"]
[BlackElo "2563"]
[WhiteFideId "4155025"]
[BlackFideId "13500465"]
[EventDate "2015.12.19"]

1. e4 c5 2. Nf3 Nc6 3. d4 cxd4 4. Nxd4 Qb6 5. Nb3 Nf6 6. Nc3 e6 7. Bd3 d6 8. O-O
Be7 9. a4 O-O 10. a5 Qc7 11. f4 Nb4 12. Be3 Bd7 13. Qe2 Rfe8 14. h3 Bc6 15. Qf2
a6 16. Bb6 Qb8 17. Rae1 e5 18. fxe5 dxe5 19. Bc5 Nxd3 20. cxd3 Qc7 21. Bb6 Qd7
22. Nc5 Bxc5 23. Bxc5 Qxd3 24. Re3 Qc4 25. Rg3 Nxe4 26. Nxe4 Bxe4 27. Rg4 f5 28.
Rg5 Rad8 29. b4 h6 30. Rg6 f4 31. Rb6 Rd3 32. Qh4 Rg3 33. Rf2 Bc6 34. Qh5 Qd5
35. Rxc6 Qxc6 36. Rc2 Re6 37. Rd2 Reg6 0-1

[Event "European Rapid 2015"]
[Site "Minsk BLR"]
[Date "2015.12.19"]
[Round "6.33"]
[White "Reprintsev, Alexander"]
[Black "Rakhmanov, Aleksandr"]
[Result "0-1"]
[WhiteTitle "IM"]
[BlackTitle "GM"]
[WhiteElo "2321"]
[BlackElo "2640"]
[WhiteFideId "14100541"]
[BlackFideId "4173708"]
[EventDate "2015.12.19"]

1. Nc3 d5 2. d4 e6 3. e4 dxe4 4. Nxe4 Bd7 5. Be2 Bc6 6. Bf3 Nf6 7. Bg5 Be7 8.
Bxf6 Bxf6 9. Ne2 Be7 10. Qd3 Nd7 11. O-O-O O-O 12. h4 a5 13. Nf4 a4 14. Ng5 Nf6
15. Bxc6 bxc6 16. Rhe1 h6 17. Ngxe6 fxe6 18. Nxe6 Qd7 19. Nxf8 Bxf8 20. Qc4+ Qd5
21. Qxd5+ cxd5 22. f3 Bd6 23. g4 Kf7 24. c3 h5 25. gxh5 Rh8 26. Kc2 Nxh5 27. b3
axb3+ 28. axb3 Ng3 29. c4 dxc4 30. bxc4 Rxh4 31. c5 Be7 32. Kd3 Nf5 33. Re4 Rh3
34. Rf4 g6 35. Rg1 Bf6 36. Rgg4 Ne7 37. Ke4 Rh1 38. Rg2 Rd1 39. Rfg4 Rxd4+ 40.
Ke3 Nd5+ 41. Kf2 Nf4 42. Rh2 Nd3+ 43. Ke3 Rxg4 44. fxg4 Nxc5 45. Rh7+ Bg7 46.
Kf4 Ne6+ 47. Kg3 Ng5 48. Rh1 Be5+ 49. Kf2 Kf6 50. Ke3 Ne6 51. Ke4 Bd6 52. Rg1
Kg5 53. Kf3 Nd4+ 54. Ke4 Ne2 55. Rg2 Nf4 56. Rg1 Nh3 57. Rg2 Kh4 0-1

[Event "European Rapid 2015"]
[Site "Minsk BLR"]
[Date "2015.12.19"]
[Round "6.34"]
[White "Konenkin, Dmitry"]
[Black "Gunina, Valentina"]
[Result "0-1"]
[WhiteTitle "FM"]
[BlackTitle "GM"]
[WhiteElo "2243"]
[BlackElo "2502"]
[WhiteFideId "4185781"]
[BlackFideId "4167570"]
[EventDate "2015.12.19"]

1. d4 d5 2. Nc3 Bf5 3. f3 e6 4. Bf4 Bb4 5. e3 Ne7 6. g4 Bg6 7. h4 h5 8. Bd3 hxg4
9. fxg4 c5 10. Ne2 Nbc6 11. Qd2 Bxd3 12. Qxd3 c4 13. Qd2 b5 14. a3 Ba5 15. Ng3
Ng6 16. h5 Nxf4 17. exf4 Qb6 18. Rd1 O-O-O 19. b4 cxb3 20. cxb3 Nxd4 21. Kf1
Nxb3 22. Qc2 Nd4 23. Rxd4 Qxd4 24. Nce2+ Qc4 25. Qb2 d4 26. Kg2 Kb7 27. Rc1 Qd5+
28. Kh2 d3 29. Rd1 Rc8 30. Kh3 f5 31. Qxg7+ Ka8 32. gxf5 Qf3 33. Nd4 Rxh5# 0-1